Problems in anaesthesia : (Record no. 5083)

000 -LEADER
fixed length control field 01316cam a2200373 a 4500
001 - CONTROL NUMBER
control field 015730798
003 - CONTROL NUMBER IDENTIFIER
control field ALUPE UNIVERSITY
005 - DATE AND TIME OF LATEST TRANSACTION
control field 20220414084804.0
008 - FIXED-LENGTH DATA ELEMENTS--GENERAL INFORMATION
fixed length control field 030924s2004 enka b 001 0 eng
020 ## - INTERNATIONAL STANDARD BOOK NUMBER
International Standard Book Number -
022 ## - INTERNATIONAL STANDARD SERIAL NUMBER
Source 0889-4698
035 ## - SYSTEM CONTROL NUMBER
System control number (PU)3537986
035 ## - SYSTEM CONTROL NUMBER
System control number (CStRLIN)PAUGV3537986-B
040 ## - CATALOGING SOURCE
Original cataloging agency UKM
Transcribing agency ALUPE UNIVERSITY
Modifying agency C#P
-- PU
050 #4 - LIBRARY OF CONGRESS CALL NUMBER
Classification number RD82.5
Item number .P76 1993
060 #4 - NATIONAL LIBRARY OF MEDICINE CALL NUMBER
Classification number WO 440
Item number PRO
082 04 - DEWEY DECIMAL CLASSIFICATION NUMBER
Classification number 617.96798
Edition number 21
245 00 - TITLE STATEMENT
Title Problems in anaesthesia :
Remainder of title Preoperative evaluation in an Era of cost containment
Statement of responsibility, etc. edited by lee A.Fleisher
246 3# - VARYING FORM OF TITLE
Title proper/short title Problems in anesthesia :
Remainder of title pediatric anesthesia
246 30 - VARYING FORM OF TITLE
Title proper/short title Paediatric anaesthesia
246 3# - VARYING FORM OF TITLE
Title proper/short title Pediatric anesthesia
260 ## - PUBLICATION, DISTRIBUTION, ETC.
Place of publication, distribution, etc. London ;
-- New York :
Name of publisher, distributor, etc. Martin Dunitz ;
Place of publication, distribution, etc. Boca Raton, Fla. :
Name of publisher, distributor, etc. Distributed in North and South America by Taylor & Francis,
Date of publication, distribution, etc. c1993.
300 ## - PHYSICAL DESCRIPTION
Extent xiv, 226 p. :
Other physical details ill. (some col.) ;
Dimensions 26 cm.
440 ## - SERIES STATEMENT/ADDED ENTRY--TITLE
Title PROBLEMS IN ANASTHESIA
504 ## - BIBLIOGRAPHY, ETC. NOTE
Bibliography, etc. note Includes bibliographical references and index.
650 #0 - SUBJECT ADDED ENTRY--TOPICAL TERM
Topical term or geographic name entry element Pediatric anesthesia
General subdivision Complications.
650 #2 - SUBJECT ADDED ENTRY--TOPICAL TERM
Topical term or geographic name entry element Anesthesia.
650 #2 - SUBJECT ADDED ENTRY--TOPICAL TERM
Topical term or geographic name entry element Pediatrics.
700 1# - ADDED ENTRY--PERSONAL NAME
Personal name Stoddart, Peter A.
700 1# - ADDED ENTRY--PERSONAL NAME
Personal name Lauder, Gillian R.
942 ## - ADDED ENTRY ELEMENTS (KOHA)
Source of classification or shelving scheme
Koha item type Book
Suppress in OPAC MM
Holdings
Withdrawn status Lost status Source of classification or shelving scheme Damaged status Not for loan Permanent Location Current Location Shelving location Date acquired Source of acquisition Total Checkouts Full call number Barcode Date last seen Price effective from Koha item type Public note
          AU LIBRARY AU LIBRARY Open Shelf 14.04.2022 DONATION FROM MOI UNIVERSITY   RD82.5 .P76 1997 28007875 14.04.2022 14.04.2022 Book MM

Powered by Koha